000 01023cam a22003135i 4500
001 13550131
003 EG-ScBUE
005 20230117120316.0
008 040407t2003 cauc f 000 0 eng d
020 _a1560104546
020 _a9781560104544
040 _aDLC
_beng
_erda
_cDLC
_dDLC
_dEG-ScBUE
_dEG-ScBUE
082 0 4 _a751.45
_bMOO
_222
100 1 _aMoore, Robert,
_d1957-
_eauthor.
_939407
245 1 0 _aOil 1 :
_blearn the basics of oil painting /
_cby Robert Moore.
246 3 _aOil one :
_blearn the basics of oil painting
264 1 _aIrvine :
_bWalter Foster Publishing,
_c[2003]
264 4 _cc2003
300 _a31 pages :
_billustrations (some color) ;
_c35 cm.
336 _2rdacontent
_atext
_btxt
337 _2rdamedia
_aunmediated
_bn
338 _2rdacarrier
_avolume
_bnc
490 0 _aOil & acrylic.
_aHow to draw and paint series ;
_vHT264
650 7 _aPainting
_xTechnique.
_2BUEsh
651 _2BUEsh
653 _bCOMAME
_cJune2015
_cFebruary2016
655 _vReading book
942 _2ddc
_cBB
999 _c19661
_d19633